Women and social change in India / (Record no. 123236)

MARC details
000 -LEADER
fixed length control field 00729nam a22002297a 4500
005 - DATE AND TIME OF LATEST TRANSACTION
control field 20170124105922.0
010 ## - LIBRARY OF CONGRESS CONTROL NUMBER
LC control number A-541109
020 ## - INTERNATIONAL STANDARD BOOK NUMBER
Terms of availability 00.00
International Standard Book Number 8170244234
035 ## - SYSTEM CONTROL NUMBER
System control number A-541109
037 ## - SOURCE OF ACQUISITION
Source of stock number/acquisition Cen Lib/Ret
040 ## - CATALOGING SOURCE
Original cataloging agency DPL
Language of cataloging EN
082 ## - DEWEY DECIMAL CLASSIFICATION NUMBER
Classification number 305.420954
Item number PAN
100 ## - MAIN ENTRY--PERSONAL NAME
Personal name Panda, Snehalata
9 (RLIN) 4924
245 ## - TITLE STATEMENT
Title Women and social change in India /
Statement of responsibility, etc by Snehalata Panda
260 ## - PUBLICATION, DISTRIBUTION, ETC. (IMPRINT)
Place of publication, distribution, etc New Delhi
Name of publisher, distributor, etc Ashish Publishing House
Date of publication, distribution, etc 1992
270 ## - ADDRESS
Address 8/81, Punjabi Bagh
City New Delhi
Postal code 110026
300 ## - PHYSICAL DESCRIPTION
Extent vii,124p. :
Dimensions 22cm(Hb)
500 ## - GENERAL NOTE
General note Includes bibliographical references and index
650 ## - SUBJECT ADDED ENTRY--TOPICAL TERM
Topical term or geographic name as entry element Social aspects
Geographic subdivision India
9 (RLIN) 4925
650 ## - SUBJECT ADDED ENTRY--TOPICAL TERM
Topical term or geographic name as entry element Political History
Geographic subdivision India
9 (RLIN) 4926
942 ## - ADDED ENTRY ELEMENTS (KOHA)
Source of classification or shelving scheme Dewey Decimal Classification
Koha item type English Books
Classification part 305.420954
Call number suffix PAN
Holdings
Withdrawn status Lost status Damaged status Not for loan Home library Current library Date acquired Source of acquisition Cost, normal purchase price Total Checkouts Full call number Barcode Date last seen Copy number Cost, replacement price Price effective from Koha item type Public note
Written off       Central Library Central Library 04/06/2015 Cen Lib/Ret 0.00   305.420954 PAN A-541109 04/06/2015 1 0.00 04/06/2015 English Books W/d list no. 6812/9

© Delhi Public Library
Hit Counter
free hit counter